Tvorba jednostránkovej aplikácie v jazyku Elm

Salvato in:
Dettagli Bibliografici
Autore principale: Strigáč, Adam (Autore)
Altri autori: Kapustík, Ivan (Relatore della tesi)
Natura: Manoscritto Libro
Lingua:slovacco
Pubblicazione: 2020
Soggetti:
Accesso online:http://is.stuba.sk/zp/portal_zp.pl?podrobnosti=134976
Tags: Aggiungi Tag
Nessun Tag, puoi essere il primo ad aggiungerne!!

MARC

LEADER 00000ntm a22000003a 4500
001 stuzp80623
003 SK-STU
005 20200620212021.4
007 ta
008 150427s2015----xo-----f-mn---000-0-slo-d
040 |a STU  |b slo 
041 0 |a slo 
100 1 |a Strigáč, Adam  |u 070200  |4 aut  |U FIIT Fakulta informatiky a informačných technológií  |T FIIT Ústav informatiky, informačných systémov a softvérového inžinierstva  |X 86020  |U I200  |Y 179  |7 86020 
242 0 1 |a Creating a single-page application in Elm language  |y eng 
245 1 0 |a Tvorba jednostránkovej aplikácie v jazyku Elm 
260 |c 2020 
650 4 |a Elm  |2 slo 
650 4 |a jednostránková aplikácia  |2 slo 
650 4 |a funkcionálne programovanie  |2 slo 
650 4 |a Elm  |2 eng 
650 4 |a Single-page application  |2 eng 
650 4 |a functional programming  |2 eng 
700 1 |a Kapustík, Ivan  |u 070200  |k Z1  |4 ths  |U FIIT Fakulta informatiky a informačných technológií  |T FIIT Ústav informatiky, informačných systémov a softvérového inžinierstva  |X 111  |U I200  |Y 179  |7 111 
856 4 |u http://is.stuba.sk/zp/portal_zp.pl?podrobnosti=134976